| 000 | 00654nam a22001937a 4500 | ||
|---|---|---|---|
| 005 | 20170811111814.0 | ||
| 008 | 170811b xxu||||| |||| 00| 0 eng d | ||
| 020 |
_a9788189999865 _c150.00 |
||
| 035 | _aB-664771 | ||
| 037 |
_adpl _bStar/ven |
||
| 040 |
_adpl _bEN |
||
| 082 | _aS | ||
| 245 |
_aMore tales from the jatakas / _cedited by Anand Pai |
||
| 260 |
_aMumbai _bAmar Chitra Katha _c2013 |
||
| 300 |
_aVarious pagings _c26cm(pbk) |
||
| 700 | _aPai, Anand | ||
| 942 |
_2ddc _cCH _hS _mMOR |
||
| 999 |
_c143264 _d143264 |
||